Effective management for national growth / (Record no. 502)
[ view plain ]
| 000 -LEADER | |
|---|---|
| fixed length control field | 00816nam a22001697a 4500 |
| 008 - FIXED-LENGTH DATA ELEMENTS--GENERAL INFORMATION | |
| fixed length control field | 120126t xxu||||| |||| 00| 0 eng d |
| 050 ## - LIBRARY OF CONGRESS CALL NUMBER | |
| Classification number | HD.29.E38 |
| 100 ## - MAIN ENTRY--PERSONAL NAME | |
| Personal name | Jain, N.M. |
| 245 ## - TITLE STATEMENT | |
| Title | Effective management for national growth / |
| Statement of responsibility, etc. | N.M Jain, S.P. Wahi, R.P. Billimoria, P. Shiv Shankar. |
| 260 ## - PUBLICATION, DISTRIBUTION, ETC. | |
| Place of publication, distribution, etc. | New Delhi: |
| Name of publisher, distributor, etc. | All India Management Assocation, |
| Date of publication, distribution, etc. | 1984 |
| 300 ## - PHYSICAL DESCRIPTION | |
| Extent | 179 p. |
| Dimensions | 22cm |
| 505 ## - FORMATTED CONTENTS NOTE | |
| Formatted contents note | Contents: Introduction -- Effective Management: Research study findings -- Effective Management: Interantional experiences -- Effective Management in India: A Public sector viewpoint -- Effective Management in India: A Private sector viewpoint -- Effective management for National Growth -- Young managers' view. |
| 700 ## - ADDED ENTRY--PERSONAL NAME | |
| Personal name | Wahi S.P. |
| 700 ## - ADDED ENTRY--PERSONAL NAME | |
| Personal name | Billimoria R.P. |
| 700 ## - ADDED ENTRY--PERSONAL NAME | |
| Personal name | Shankar P. Shiv |
| 942 ## - ADDED ENTRY ELEMENTS (KOHA) | |
| Source of classification or shelving scheme | Library of Congress Classification |
| Koha item type | Books |
| Withdrawn status | Lost status | Source of classification or shelving scheme | Damaged status | Not for loan | Home library | Current library | Shelving location | Date acquired | Total Checkouts | Full call number | Barcode | Date last seen | Price effective from | Koha item type |
|---|---|---|---|---|---|---|---|---|---|---|---|---|---|---|
| Library of Congress Classification | WISCONSIN INTERNATIONAL UNIVERSITY COLLEGE, GHANA - MAIN LIBRARY | WISCONSIN INTERNATIONAL UNIVERSITY COLLEGE, GHANA - MAIN LIBRARY | General Stacks | 26/01/2012 | HD.29.E38 | 1165/11 | 26/01/2012 | 26/01/2012 | Books |
